Libellus Passionum et Lamentationum, to jest, Knižečka Utrpění Pána a Spasitele nasseho Ježisse Krista, wedle Sepsání Swatých Ewanjelistů Matauše a Jána 26. a 27. Kapitole. Mezi které wmissen jest Choral, aneb, Jisté wersíčky ku powzbuzování srdcí křesťanských

Podrobná bibliografia
Hlavný autor: Severini, Pavol, 1675-1749 (Autor)
Médium: Kniha
Jazyk:čeština
latinčina
Vydavateľské údaje: Banská Bystrica Filip Machold 1939
Predmet:

MARC

LEADER 00000cam a2200000 a 4500
001 vtls008395857
003 SK-MaSNL
005 20260301192549.0
008 200104s1939 xo 000 0 cze
015 |a SNBA19191938-010812 
035 |a SK01SNKBSKHR20010088074 
035 |a urn:nbn:sk:snk-am3hij0 
035 |a AF6A4786-AB3F-488A-91DA-7E7746FB751A 
035 |a urn:nbn:sk:snk-am00d1jn 
035 |a SKM000090537 
040 |a SNK  |b slo  |c SNK  |e AACR2 
041 0 |a cze  |a lat 
044 |a xo  |c SK 
080 |a 252  |2 1981 
080 |a 284  |2 1981 
080 |a 244  |2 1981 
080 |a 264-041.5:284.1  |2 1981 
100 1 |a Severini, Pavol,  |d 1675-1749  |4 aut  |9 558383 
245 1 0 |a Libellus Passionum et Lamentationum, to jest, Knižečka Utrpění Pána a Spasitele nasseho Ježisse Krista, wedle Sepsání Swatých Ewanjelistů Matauše a Jána 26. a 27. Kapitole. Mezi které wmissen jest Choral, aneb, Jisté wersíčky ku powzbuzování srdcí křesťanských  |c Pavol Severini 
246 1 1 |a Knižečka Utrpění Pána a Spasitele nasseho Ježisse Krista, wedle Sepsání Swatých Ewanjelistů Matauše a Jána 26. a 27. Kapitole 
260 |a Banská Bystrica  |b Filip Machold  |c 1939  |e Banská Bystrica  |f Filip Machold 
300 |a 48 s.  |c 12° 
500 |a Fraktúra 
510 0 |a Pozri aj BSK, č. 10812 
610 2 7 |a Evanjelická cirkev a.v.  |2 SNKKA  |9 32425 
650 0 7 |a utrpenie Ježiša Krista  |2 SNKPH  |9 64563 
655 7 |a modlitby  |2 SNKPH  |9 70550 
655 7 |a kázne  |2 SNKPH  |9 70516 
852 |a Slovenská národná knižnica v Martine  |b 10000  |h SE 2961 
958 |a ONDV 
958 |a RK 
958 |a TL 
958 |a NT 
999 |c 874513  |d 876443 
952 |a SNK  |b SNK  |y PREZ  |7 0  |p 17A0749479  |o snkSE 2961  |i snkK 2276/60  |8 3  |0 0  |1 0  |4 0  |d 2018-04-17  |f 1  |l 0  |r 2026-02-24 05:54:19  |w 2026-02-24 
952 |a SNK  |b SNK  |y VYP  |7 0  |p 17A1190121  |o snkSE 2961 D1  |i snkK 454/68  |8 3  |0 0  |1 0  |4 0  |d 2018-05-22  |l 0  |r 2026-02-24 05:54:19  |w 2026-02-24